Word Ladder: Another Roald Dahl Classic Quiz Stats

 Plays Quiz Updated Jan 29, 2016

Challenge
Share
Tweet
Embed
Score 0/11 Timer 01:00
0 Plays Today
Hint 3-Letter Word % Correct
● Yoga tool, frequently rolled up ●● MAT ●
98.3%
● '___ death do us part' ●● TIL ●
96.9%
Center of a peachPIT
91.2%
Small square of butterPAT
90.1%
Nothing, nadaNIL
89.6%
Chemical element whose symbol is SnTIN
88.8%
Louse eggNIT
87.1%
Homer Simpson's expression of displeasureD'OH!
85.7%
To put on, especially clothingDON
82.5%
Loud, raucous noiseDIN
81.2%
● Used to express annoyance at an obvious statement ● ●DUH ●
67.1%

Today's Daily Dose

You're not logged in!

Compare scores with friends on all Sporcle quizzes.
OR
Log In

You Might Also Like...

Show Comments

Extras

Top Quizzes Today


Score Distribution

Your Account Isn't Verified!

In order to create a playlist on Sporcle, you need to verify the email address you used during registration. Go to your Sporcle Settings to finish the process.

Report this User

Report this user for behavior that violates our Community Guidelines.

Details: